شخصيات أدبية - Statistics

الإحصائيات العامة
  • هذا الإختبار تم الخضوع له 18 مره
  • الدرجة المتوسطة هي 6 من 15
إحصائيات الإجابة
Picture Answer % صحيح
مصطفى محمود
80%
جبران خليل جبران
73%
نجيب محفوظ
73%
نزار قباني
67%
طه حسين
67%
محمود درويش
53%
غسان كنفاني
47%
أحمد شوقي
40%
عباس محمود العقاد
27%
رضوى عاشور
20%
غازي القصيبي
20%
الطيب صالح
13%
ميخائيل نعيمة
13%
عبدالرحمن منيف
7%
حسين البرغوثي
7%
No matching quizzes found
توزيع النقاط
نسبة الأشخاص لكل درجة
النسبة وفقا للأرقام
سجل النقاط الخاصة بك
لم تضخع لهذا الإختبار